Detalles MARC
| 000 -LÍDER |
| Campo fijo de descripción fija |
01679aam a2200313 i 4500 |
| 001 - NÚMERO DE CONTROL |
| Campo de control |
768714001 |
| 003 - IDENTIFICADOR DEL NÚMERO DE CONTROL |
| Campo de control |
CO-MdFUSB |
| 005 - FECHA Y HORA DE LA ULTIMA TRANSACCIÓN |
| control field |
20210309180601.0 |
| 007 - CAMPO FIJO DE DESCRIPCIÓN FIJA--INFORMACIÓN GENERAL |
| Campo fijo de descripción fija |
ta |
| 008 - ELEMENTOS DE LONGITUD FIJA -- INFORMACIÓN GENERAL |
| Campo fijo de descripción fija -- Información general |
210115t1923 enk |||| |||| 00| 0 eng d |
| 020 ## - NÚMERO INTERNACIONAL NORMALIZADO PARA LIBROS |
| Número Internacional Normalizado del libro |
[No incluye ISBN] |
| 040 ## - FUENTE DE CATALOGACIÓN |
| Idioma de catalogación |
spa. |
| Agencia de catalogación original |
CO-MdFUSB |
| Agencia que realiza la transcripción |
CO-MdFUSB |
| Agencia que realiza la modificación |
CO-MdFUSBC |
| Convenciones de la descripción |
rda |
| 041 ## - CÓDIGO DE IDIOMA |
| Código de idioma para texto/pista de sonido o título separado |
eng |
| 082 ## - NÚMERO DE CLASIFICACIÓN DECIMAL DEWEY |
| Número de la edición del Dewey |
23 |
| Número de clasificación |
270.3 |
| Clave de autor-Numero de item |
C855 |
| 100 ## - ASIENTO PRINCIPAL--NOMBRE PERSONAL |
| Nombre personal |
Coulton, George Gordon, |
| Término relacionador |
autor |
| 245 10 - TÍTULO |
| Título del Material |
Five centuries of religion |
| Mención de responsabilidad, etc. |
/ George Gordon, Coulton, |
| 264 #1 - PRODUCCIÓN, PUBLICACIÓN, DISTRIBUCIÓN, MANUFACTURA, Y COPYRIGHT |
| Lugar de producción, publicación, distribución, manufactura |
Cambridge, England : |
| Nombre del productor, publicador, distribuidor |
At the University Press, |
| Fecha de producción, publicación, distribución, manufactura, o copyright |
[1923] |
| 264 #4 - PRODUCCIÓN, PUBLICACIÓN, DISTRIBUCIÓN, MANUFACTURA, Y COPYRIGHT |
| Fecha de producción, publicación, distribución, manufactura, o copyright |
© 1923 |
| 300 ## - DESCRIPCIÓN FÍSICA |
| Extensión |
xliii, 578 páginas |
| Dimensiones |
; 23 cm |
| 336 ## - TIPO DE CONTENIDO |
| Término de tipo de contenido |
texto |
| Código de tipo de contenido |
txt |
| Fuente |
rdacontent |
| 337 ## - TIPO DE MEDIO |
| Fuente |
rdamedia |
| Nombre del tipo de medio |
sin mediación |
| Código del tipo de medio |
n |
| 338 ## - TIPO DE SOPORTE |
| Fuente |
rdacarrier |
| Nombre del tipo de soporte |
volumen |
| Código Tipo de soporte |
nc |
| 505 ## - NOTA DE CONTENIDO |
| Nota de contenido con formato preestablecido |
Volumen 1: St Bernard, his predecessors and successors, 1000-1200 A. D. - El significado de la vida monástica - El aumento de la vida monástica - El Dios del monje - El señor de las tinieblas - El infierno y el purgatorio - La salvaguardia de la capucha - La masa - La madre de Dios - El evangelio de María - La mujer y la fe - San Benito - La regla de San Benito - Hijos oblatos - Los milagros de San Benito - La necesidad de una reforma - Lo que los contemporáneos pensó - St Bernard - Clairvaux - El ideal cisterciense - Cistercienses y cluniacenses - Una fundación cisterciense - Cesáreo de Heisterbach - El alma de un novato - El novato y su amo - Los cistercienses de 1250 AD - Comercialismo y decclive - El eterno femenino - Los cistercienses inglesas - Epílogo - Apéndices |
| 563 ## - NOTA DE ENCUADERNACIÓN |
| Nota de encuadernación |
Pasta dura |
| 650 #0 - ASIENTO SECUNDARIO DE MATERIA - TERMINO TEMÁTICO |
| 9 (RLIN) |
153 |
| Término temático o nombre geográfico como elemento de entrada |
Historia de la Iglesia |
| 942 ## - TIPO DE MATERIAL (KOHA) |
| Tipo de Item KOHA |
Libros General |
| 945 ## - INFORMACIÓN LOCAL DEL REGISTRO |
| Catalogador |
JTF-925 |